[Event "10th Karen Asrian Memorial 2017"]
[Site "Jermuk"]
[Date "2017.06.21"]
[Round "1"]
[White "Kovalenko, Igor"]
[Black "Hakobyan, Hovhannes H"]
[Result "1-0"]
[WhiteElo "2656"]
[BlackElo "2196"]
[Annotator "TA"]
[PlyCount "63"]
[EventDate "2017.??.??"]
[EventType "swiss"]
[EventCountry "ARM"]
[SourceTitle "playchess.com"]
[Source "ChessBase"]
[SourceQuality "1"]

{[%evp 17,63,10,12,-41,20,-1,0,-12,8,0,20,0,35,23,53,45,50,45,74,39,71,48,47,48,97,89,122,105,260,216,248,233,233,233,215,196,335,327,304,306,532,526,497,529,524,499,1145,1073]} 1. e4 e6 2. d4 d5 3. Nc3 Nf6 4. e5 Nfd7 5. f4 c5 6. Nf3 Nc6 7. Be3 a6 8. Qd2 Be7 9. a3 {C11: French: Classical System: 4 e5 and 4 Bg5 dxe4} O-O {LiveBook: 15 Games} 10. Bd3 (10. dxc5 $11 Bxc5 11. O-O-O) (10. Be2 b6 11. Nd1 f6 12. c3 a5 13. O-O Ba6 14. Bxa6 Rxa6 15. exf6 Nxf6 16. Nf2 Bd6 {½-½ (46) Jakovenko,D (2718)-Korobov,A (2695) Poikovsky 2017}) 10... b5 (10... f6 $1 $15 11. exf6 Bxf6) 11. dxc5 $146 {The position is equal.} ({Predecessor:} 11. O-O Bb7 12. Qf2 cxd4 13. Nxd4 Rc8 14. Nce2 Nxd4 15. Bxd4 Nc5 16. b4 Nxd3 17. cxd3 {1-0 (35) Garakov,M (2412)-Kurnaev,V (2113) Soukhumi 2007}) 11... Nxc5 12. Nd4 Bb7 13. O-O Rc8 14. Nce2 Nxd4 15. Bxd4 Ne4 16. Qe3 Qc7 17. c3 Bc5 18. Rf3 Qe7 19. Raf1 f6 20. exf6 gxf6 21. Bxc5 Rxc5 22. Nd4 {And now Nxe6! would win.} f5 $2 (22... Rcc8 $16) 23. Bxe4 dxe4 24. Rg3+ Kf7 {[#]} 25. Rh3 $1 {[%cal Rh3h7]} Rh8 26. Rh6 Bd5 {[#]} (26... Bc8 {was necessary.} 27. Rd1 Rd5) 27. Nxf5 $1 {[%mdl 512]} exf5 28. Qd4 Kg8 $2 (28... Rcc8) 29. b4 $18 {White is clearly winning.} Rc8 {Strongly threatening ...Rd8.} 30. Qxd5+ Qf7 31. Qd4 Qc4 (31... Re8 $142 32. Rxa6 Rf8) 32. Qe5 {Precision: White = 55%, Black = 20%.} 1-0

[Event "10th Karen Asrian Memorial 2017"]
[Site "Jermuk"]
[Date "2017.06.21"]
[Round "1"]
[White "Andriasian, Zaven"]
[Black "Gharagyozyan, Artur"]
[Result "1-0"]
[WhiteElo "2622"]
[BlackElo "2182"]
[Annotator "TA"]
[PlyCount "71"]
[EventDate "2017.??.??"]
[EventType "swiss"]
[EventCountry "ARM"]
[SourceTitle "playchess.com"]
[Source "ChessBase"]
[SourceQuality "1"]

{[%evp 23,70,0,0,0,24,-6,0,-41,93,85,76,89,89,79,79,82,139,118,109,112,127,132,116,98,137,130,114,124,132,103,148,74,286,148,447,430,430,234,240,218,543,526,651,643,1110,1079,774,728,29999]} 1. e4 e5 2. Nf3 Nc6 3. Bc4 Bc5 4. c3 Nf6 5. d3 O-O 6. O-O d5 7. exd5 Nxd5 8. a4 {C54: Giuoco Piano: 4 c3 Nf6, main lines with 5 d4 and 5 d3} a5 (8... Nb6 9. Bb5 Ne7 10. Nxe5 c6 11. Bc4 Bd6 12. a5 Bxe5 13. axb6 Qxb6 14. Re1 Qc7 15. Qh5 Bd6 {0-1 (53) Anton Guijarro,D (2660)-Howell,D (2684) Minsk 2017}) 9. Nbd2 {[%cal Bb1d2,Bd2e4,Be4g3][%mdl 32]} Nb6 10. Bb5 Bd6 11. Re1 Bg4 {[%cal Bc8g4,Bg4h5,Bh5g6][%mdl 32]} 12. h3 Bh5 {LiveBook: 8 Games} 13. Ne4 Na7 14. Ng3 Bg6 $1 15. h4 $146 {aiming for h5.} ({Much weaker is} 15. Nxe5 Bxe5 16. Rxe5 c6 $17) ({Predecessor:} 15. d4 Nxb5 16. axb5 exd4 17. Qxd4 {½-½ (83) Apryshko,G (2334)-Kozionov,K (2440) Moscow 2017}) 15... c6 (15... h6 $15 {keeps the upper hand.}) 16. h5 $16 cxb5 17. hxg6 hxg6 18. axb5 Nxb5 19. Qb3 Na7 (19... Qd7 $142) 20. Rxa5 Nd7 21. Qa2 Nb5 22. Rxa8 Qxa8 23. Qc4 Nc7 24. Ng5 $1 Nf6 {[#]} 25. Qh4 $1 Rd8 26. N3e4 Nce8 27. Qh3 (27. Be3 $142) 27... Qa4 $2 {[#]} (27... b5 $16 {is a better defense.}) 28. d4 (28. f4 $1 $18) 28... Nxe4 $2 {[%mdl 8192]} (28... Rd7 $16) 29. Qh7+ $18 ({Stronger than} 29. Nxe4 exd4 30. Qh4 Ra8 $11) 29... Kf8 {White must now prevent ...Nxg5.} 30. Nxe4 (30. Qh8+ $142 Ke7 31. Nxe4) 30... f6 31. Qxg6 $40 {[%mdl 128] White wants a kill.} exd4 $2 {[#]} (31... Qd7 {is tougher.} 32. Be3 Kg8 33. Nxd6 Qxd6) 32. Bh6 $1 {[%mdl 512]} Qd7 (32... gxh6 33. Nxf6) 33. Nxf6 Qf7 34. Rxe8+ Rxe8 {[#]} 35. Bxg7+ $1 {[%mdl 512]} Qxg7 36. Qxe8# {Precision: White = 45%, Black = 26%.} 1-0

[Event "10th Karen Asrian Memorial 2017"]
[Site "Jermuk"]
[Date "2017.06.21"]
[Round "1"]
[White "Zubov, Alexander"]
[Black "Kacharava, Nikolozi"]
[Result "1-0"]
[WhiteElo "2612"]
[BlackElo "2153"]
[Annotator "TA"]
[PlyCount "101"]
[EventDate "2017.??.??"]
[EventType "swiss"]
[EventCountry "ARM"]
[SourceTitle "playchess.com"]
[Source "ChessBase"]
[SourceQuality "1"]

{[%evp 9,101,25,34,31,27,25,33,19,20,4,31,25,34,0,0,0,0,0,49,18,8,8,24,17,62,38,58,66,57,41,45,48,83,91,97,88,84,93,91,111,350,97,97,103,111,106,99,78,110,23,54,0,111,108,204,198,203,181,227,95,226,228,216,233,339,312,299,187,260,260,272,279,344,329,394,377,457,439,463,456,508,498,479,495,472,462,458,438,792,779,762,749,12837,12838]} 1. d4 d6 2. e4 Nf6 3. Nc3 e5 4. Nge2 Be7 5. g3 O-O 6. Bg2 {B07: Pirc Defence: Miscellaneous Systems} c6 7. a4 (7. O-O b5 8. a3 Nbd7 9. h3 a5 10. g4 Ba6 11. Ng3 exd4 12. Qxd4 b4 13. Nce2 d5 14. e5 Bxe2 15. Nxe2 Bc5 16. Qf4 Nxe5 17. Qxe5 {0-1 (43) Moiseenko,A (2707)-Caruana,F (2791) Dubai 2014}) 7... a5 8. O-O {White is slightly better.} Na6 9. h3 Qc7 10. Be3 Nb4 11. d5 $146 ({Predecessor:} 11. g4 d5 12. dxe5 Nxe4 13. f4 Nxc3 14. bxc3 {0-1 (38) Bernotas,A (2292)-Malinin,Y (2325) Panevezys 2012}) 11... cxd5 12. exd5 Bf5 13. Rc1 Nd7 14. f4 (14. Nb5 $5 {[%cal Rb5c7]} Qc8 15. Nec3 $11) 14... exf4 15. Nxf4 Ne5 16. Nb5 Qc8 {[%cal Rf5c2]} 17. Nd4 $36 {[%mdl 2048] White has the initiative.} Bg6 18. Nxg6 hxg6 19. c3 Nbd3 20. Rc2 Re8 21. Nb5 Qd7 22. Rd2 Nc5 23. Bxc5 dxc5 24. d6 Nc4 $2 (24... Bg5 $16) 25. dxe7 $2 (25. Bd5 $18 {is more deadly.} Nxd2 26. Rxf7 (26. Bxf7+ Kh7 $16) 26... Qxh3 27. Rf2+ (27. Rxe7+ Kh7 $14) (27. Qxd2 Qxg3+ 28. Qg2 Qe3+ 29. Rf2+ Kh7 $18) 27... Kh7 28. dxe7 (28. Rh2 Qxh2+ 29. Kxh2 Bg5 $16) 28... Rxe7 29. Rh2 (29. Qxd2 Rae8 $17) 29... Qxh2+ 30. Kxh2) 25... Nxd2 $16 (25... Qxd2 $2 {too greedy.} 26. Qxd2 Nxd2 27. Re1 $18) 26. Rf2 Qxe7 27. Qxd2 Rad8 28. Qf4 Rd7 29. c4 (29. Na3 $16) 29... Qe1+ 30. Bf1 ({White should play} 30. Kh2 $14) 30... Re6 {[#]} (30... Re4 $11 {keeps the balance.} 31. Qb8+ Re8) 31. Nc3 $1 Rf6 (31... Qe5 $16) 32. Re2 $18 Rxf4 33. Rxe1 Rfd4 34. Re8+ Kh7 {[#]} 35. Ne4 $1 {[%cal Re4g5] Ng5+ is the strong threat.} f6 36. Nxc5 Rf7 (36... R7d6 {was called for.} 37. Nxb7 Rb6) 37. Nb3 Rd1 38. Nxa5 Rfd7 (38... Ra1 {might work better.} 39. Nb3 Rxa4) 39. Kf2 Ra1 40. b3 Rb1 41. Re3 b6 42. Nc6 Rd6 43. Ne7 {White is clearly winning.} Rd2+ 44. Be2 Rdb2 45. Nc8 Rxb3 46. Rxb3 Rxb3 {[#]} 47. c5 $1 bxc5 48. a5 {[%cal Ba4a5,Ba5a6,Ba6a7][%mdl 32]} Ra3 (48... Rb8 $142 49. Nb6 Rb7) 49. a6 Ra4 50. a7 c4 {[#]} 51. Bxc4 $1 {[%mdl 512] Precision: White = 70%, Black = 33%.} 1-0

[Event "10th Karen Asrian Memorial 2017"]
[Site "Jermuk"]
[Date "2017.06.21"]
[Round "1"]
[White "Ter-Sahakyan, Samvel"]
[Black "Gavrish, Leonid"]
[Result "1-0"]
[WhiteElo "2598"]
[BlackElo "2130"]
[Annotator "TA"]
[PlyCount "65"]
[EventDate "2017.??.??"]
[EventType "swiss"]
[EventCountry "ARM"]
[SourceTitle "playchess.com"]
[Source "ChessBase"]
[SourceQuality "1"]

{[%evp 20,65,0,0,35,12,73,74,114,112,141,125,134,127,139,131,99,116,185,144,131,139,134,138,142,68,68,72,74,75,85,76,79,72,77,83,72,77,99,93,504,533,541,534,537,530,1221,1198]} 1. e4 d6 2. d4 Nf6 3. Nc3 g6 4. f4 Bg7 5. Nf3 O-O 6. e5 dxe5 7. fxe5 Nd5 8. Bc4 Be6 9. Nxd5 {B09: Pirc Defence: Austrian Attack} Bxd5 10. Bxd5 Qxd5 11. Qe2 {LiveBook: 27 Games. The position is equal.} f5 $146 ({Predecessor:} 11... Nc6 12. c4 Qa5+ 13. Bd2 Qa6 14. d5 Na5 15. Rc1 b6 16. O-O Rad8 17. Bg5 f6 18. Bh4 Nb7 19. Nd4 Nc5 20. b4 Rxd5 21. cxd5 {1-0 (21) Salem,A (2656)-Mamedov,R (2688) Doha 2016}) 12. Be3 f4 (12... c5 $11 {remains equal.}) 13. Bd2 $16 b5 14. a4 a6 15. axb5 axb5 16. Rxa8 Qxa8 17. O-O Qd5 18. b3 {[%cal Bb2b3,Bb3c4][%mdl 32]} c6 (18... e6 $16 {might work better.}) 19. c4 bxc4 20. bxc4 Qd7 21. Qe4 Qe6 22. d5 (22. Rc1 $16) 22... cxd5 $14 23. cxd5 Qf5 24. Qc4 {Black must now prevent d6+.} Nd7 25. d6+ e6 26. Nd4 $36 {[%mdl 2048] Black is under strong pressure.} Nxe5 27. Qxe6+ Qf7 {[#]} 28. Qxf7+ $1 Rxf7 {[#]} 29. Ne6 $1 {[%cal Re6g7]} ({But not} 29. Rxf4 $6 Rd7 $11) 29... g5 $2 {[%mdl 8192]} (29... Bf8 $16 {is more resistant.}) 30. Nxg7 $18 {White is clearly winning.} Nc4 31. Ne6 h6 32. Bb4 Ne3 33. Rc1 {Precision: White = 80%, Black = 28%.} 1-0

[Event "10th Karen Asrian Memorial 2017"]
[Site "Jermuk"]
[Date "2017.06.21"]
[Round "1"]
[White "Matevosyan, Sedrak"]
[Black "Melkumyan, Hrant"]
[Result "0-1"]
[WhiteElo "2184"]
[BlackElo "2624"]
[Annotator "TA"]
[PlyCount "90"]
[EventDate "2017.??.??"]
[EventType "swiss"]
[EventCountry "ARM"]
[SourceTitle "playchess.com"]
[Source "ChessBase"]
[SourceQuality "1"]

{[%evp 21,90,29,33,25,25,25,26,29,25,25,29,32,29,19,22,0,10,7,3,10,10,9,9,0,0,-11,-11,-41,-29,-33,-39,-100,-107,-519,-516,-512,-519,-493,-495,-516,-474,-743,-472,-462,-471,-584,-581,-571,-566,-570,-546,-535,-557,-1205,-1191,-1154,-1142,-1178,-797,-1487,-1471,-1315,-1314,-1145,-1107,-4740,-2035,-1839,-1791,-1446,-1391]} 1. Nf3 Nf6 2. c4 g6 3. d4 Bg7 4. Nc3 O-O 5. e4 d6 6. Be2 c5 7. d5 e6 8. Bf4 exd5 9. exd5 Re8 10. O-O Ne4 11. Nxe4 Rxe4 12. Bg5 {E91: King's Indian: Classical: 6 Be2, unusual replies including 6...c5 and 6...Bg4} (12. Qd2 Qf6 13. Bg3 Bg4 14. Bd3 Re8 15. Bh4 Qxb2 16. Qxb2 Bxb2 17. Rab1 Bg7 18. Rxb7 Nd7 19. h3 Bxf3 20. Rxd7 {½-½ (33) Sargissian,G (2687)-Guseinov,G (2592) Doha 2014}) 12... Qf8 13. Bd3 Re8 14. Qb3 {White has an edge.} Nd7 15. Rae1 f6 16. Rxe8 Qxe8 17. Bf4 $146 ({Predecessor:} 17. Re1 Ne5 18. Nxe5 fxg5 19. Nf3 Qd8 {1-0 (41) Groffen,H (2177)-Berk,C (1668) IECG email 2002}) 17... Ne5 18. Nd2 f5 19. Re1 b6 20. Bf1 Bd7 21. h3 Qe7 22. Qe3 Bf6 23. Bg3 {[#] Threatens to win with f4.} Qg7 24. Qa3 g5 25. f4 Nf7 26. fxg5 (26. Qa6 $15) 26... Bxb2 $17 27. Qa6 $2 {[%mdl 8192]} (27. Qb3 $17 {is a better chance.}) 27... Qxg5 $19 {Black is clearly winning.} 28. Qb7 Rd8 29. Bf2 Qxd2 30. Re2 Qc1 31. Re7 (31. Qxa7 $142 Be5 32. Re3) 31... Be8 32. Qxa7 Bf6 33. Re6 Be5 34. Qxb6 Qf4 {[%csl Ge5][%cal Rf4h2] [#]} 35. g3 Qg5 36. h4 Qg4 37. Qxd8 Nxd8 38. Rxe8+ Kf7 39. Rxd8 Bxg3 40. Ra8 Bxh4+ 41. Bg2 Bxf2+ 42. Kxf2 Qd4+ 43. Kg3 f4+ 44. Kh2 Qe3 45. Ra7+ Kg6 {Precision: White = 36%, Black = 90%.} 0-1

[Event "10th Karen Asrian Memorial 2017"]
[Site "Jermuk"]
[Date "2017.06.21"]
[Round "1"]
[White "Movsisyan, Vardan"]
[Black "Hovhannisyan, Robert"]
[Result "1/2-1/2"]
[WhiteElo "2182"]
[BlackElo "2621"]
[Annotator "TA"]
[PlyCount "62"]
[EventDate "2017.??.??"]
[EventType "swiss"]
[EventCountry "ARM"]
[SourceTitle "playchess.com"]
[Source "ChessBase"]
[SourceQuality "1"]

{[%evp 22,62,7,15,38,41,45,40,39,39,54,8,24,10,25,24,20,31,32,25,18,16,27,30,27,-9,45,20,50,50,51,39,101,99,86,93,112,-457,-432,-442,12,-442,-47]} 1. e4 c5 2. Nc3 Nc6 3. g3 g6 4. Bg2 Bg7 5. d3 d6 6. Be3 Nf6 7. h3 Rb8 8. Qd2 b5 {[%cal Bb7b5,Bb5b4][%mdl 32]} 9. Nge2 b4 10. Nd1 {[%cal Bc3d1,Bd1e3,Be3c4][%mdl 32]} O-O 11. O-O Nd7 {B26: Closed Sicilian: 3 g3, lines with early Be3} 12. Bh6 {LiveBook: 5 Games} Nd4 {Strongly threatening ...Bxh6.} (12... Bxh6 13. Qxh6 Nd4 14. Qd2 e5 15. Ne3 Nf6 16. Kh2 Nh5 17. Nxd4 cxd4 18. Nc4 Be6 19. b3 {½-½ (51) Vachier Lagrave,M (2745)-Dominguez Perez,L (2754) Beijing 2013}) 13. Bxg7 Kxg7 {White is slightly better.} 14. Ne3 e6 15. f4 Bb7 $146 ({Predecessor:} 15... f5 16. Rae1 Nb6 17. Nxd4 cxd4 {½-½ (47) Leyva,H (2389)-Duran Vega,S (2303) San Jose 2012}) 16. Nc4 d5 17. Nd6 Nxe2+ 18. Qxe2 Nf6 19. e5 Ne8 $1 {[%cal Re8d6]} 20. Nxb7 Rxb7 21. g4 f5 22. exf6+ Qxf6 23. Qe5 Rbf7 (23... Qxe5 $11 24. fxe5 Rxf1+ 25. Kxf1 Nc7) 24. a3 $14 Qxe5 25. fxe5 Rc7 26. Rfc1 h5 (26... Kh6 $14) 27. axb4 $16 cxb4 {[#]} 28. Ra6 $1 {[%cal Ra6e6]} hxg4 {[%cal Bh5g4,Bg4h3][%mdl 32]} 29. Rd6 $2 {[%mdl 8192]} (29. Rxe6 $16 {keeps the pressure on.} gxh3 30. Bxd5 (30. Bxh3 Kh6 $14)) 29... gxh3 30. Bxd5 Kh6 $2 ({Black should try} 30... exd5 $19 31. Rxd5 g5) 31. Kh2 $2 {[%mdl 8192]} (31. Rxe6 $11 Ng7 32. Rf6) 31... Ng7 $2 {Precision: White = 46%, Black = 21%.} (31... exd5 $19 32. Rxd5 {[#]} b3 $1 {[%mdl 512]}) 1/2-1/2

[Event "10th Karen Asrian Memorial 2017"]
[Site "Jermuk"]
[Date "2017.06.21"]
[Round "1"]
[White "Sargsyan, Anna M"]
[Black "Sengupta, Deep"]
[Result "1/2-1/2"]
[WhiteElo "2127"]
[BlackElo "2594"]
[Annotator "TA"]
[PlyCount "82"]
[EventDate "2017.??.??"]
[EventType "swiss"]
[EventCountry "ARM"]
[SourceTitle "playchess.com"]
[Source "ChessBase"]
[SourceQuality "1"]

{[%evp 18,82,36,0,38,45,50,43,33,29,65,78,185,211,183,199,201,-302,196,187,193,208,189,197,188,185,212,210,213,196,306,149,147,159,158,143,164,162,160,160,151,130,130,94,108,97,194,194,186,192,178,138,129,128,119,0,0,0,0,0,0,0,0,0,0,0,7]} 1. c4 Nf6 2. Nf3 e6 3. d4 b6 4. e3 Bb7 5. Bd3 c5 6. O-O Be7 7. Nc3 cxd4 8. exd4 O-O 9. d5 Na6 {E14: Queen's Indian: Classical Variation (4 e3)} 10. Re1 {LiveBook: 5 Games} (10. Bf4 $5 {[%cal Rd5d6]} Nh5 11. Be5 $14) (10. Bc2 Qc7 11. Bg5 h6 12. Bxf6 Bxf6 13. Qd3 g6 14. Qe3 Bg7 15. Rad1 Qxc4 16. Ne5 Qc7 17. d6 {0-1 (52) Adhiban,B (2666)-Korobov,A (2692) Doha 2016}) 10... Bb4 11. Bg5 {[%cal Bc1g5,Bg5h4,Bh4f6][%mdl 32]} Bxc3 {White is slightly better.} 12. bxc3 Nc5 13. Bh4 $146 ({Predecessor:} 13. Nd4 h6 14. Bh4 Ba6 15. Bf1 Rc8 16. Re3 g5 17. Bg3 {1-0 (41) Spielmann,A (2279)-Berend,F (2343) Nancy 2008}) 13... d6 14. Ng5 Qd7 (14... Nxd3 $16 15. Qxd3 Qd7) 15. Nxh7 $18 Nxh7 16. Bxh7+ Kxh7 17. Qh5+ $1 Kg8 {[#] White must now prevent ...Rfe8.} 18. Bf6 $1 {[%mdl 512] Qg5 would kill now.} exd5 (18... gxf6 19. Qg4+) 19. Re3 {White wants to mate with Rg3.} Qe6 ({Stronger than} 19... dxc4 20. Rg3 Qg4 21. Rxg4 Ne6 22. Rh4 gxf6 23. Qh8#) 20. Rxe6 fxe6 21. Be7 Rf5 22. Qg6 dxc4 23. Bxd6 Bd5 {[#]} (23... Rf6 {keeps fighting.} 24. Qg4 Ne4) 24. Re1 (24. Bxc5 $1 $18 bxc5 25. Qg3) 24... Rf6 $16 25. Qg4 Nd3 26. Re2 Rf7 27. h4 {[%cal Bh2h4,Bh4h5,Bh5h6][%mdl 32]} Rd8 28. Bg3 Rdf8 29. h5 Rf5 30. h6 {[%csl Gh6][%cal Rg4g7]} R8f7 31. a4 Nf4 (31... Rd7 $16 {might work better.} 32. Qg6 Rdf7) 32. Bxf4 $18 Rxf4 33. Qg3 R4f6 34. Qb8+ Kh7 35. hxg7 Rxg7 36. f3 ({White should play} 36. f4 $16) 36... Rxf3 $1 $11 {The position is equal.} 37. Qe5 Rf5 38. Qh2+ Kg8 39. Qb8+ Rf8 40. Qe5 Rf5 41. Qb8+ Rf8 {Precision: White = 68%, Black = 56%.} 1/2-1/2

[Event "10th Karen Asrian Memorial 2017"]
[Site "Jermuk"]
[Date "2017.06.21"]
[Round "1"]
[White "Daneshvar, Bardiya"]
[Black "Pashikian, Arman"]
[Result "0-1"]
[WhiteElo "2106"]
[BlackElo "2603"]
[Annotator "TA"]
[PlyCount "66"]
[EventDate "2017.??.??"]
[EventType "swiss"]
[EventCountry "ARM"]
[SourceTitle "playchess.com"]
[Source "ChessBase"]
[SourceQuality "1"]

{[%evp 19,66,4,27,-17,-17,-17,-12,-9,-16,-43,-42,-41,-37,-28,-29,-41,-17,-15,-18,-14,-11,-46,-7,-25,0,0,0,0,-2,-3,0,-34,-42,-45,-45,-47,-38,-141,-54,-139,-139,-203,-186,-297,-303,-564,-409,-858,-855]} 1. d4 Nf6 2. c4 e6 3. Nc3 Bb4 4. Qc2 c5 5. dxc5 O-O 6. Bg5 Na6 7. a3 Bxc3+ 8. Qxc3 Nxc5 9. Bxf6 Qxf6 10. Qxf6 gxf6 11. g3 {E39: Nimzo-Indian: Classical: 4...c5 5 dxc5 0-0} (11. b4 Na4 12. e3 b6 13. Nf3 Ba6 14. Nd2 Rfc8 15. Ne4 Kf8 16. Be2 Ke7 17. Nd2 Rc7 18. e4 Rac8 19. Bd1 {0-1 (41) Mchedlishvili,M (2583)-Gelashvili,T (2612) Tbilisi 2007}) 11... b6 12. Bg2 Bb7 13. Bxb7 {The position is equal.} Nxb7 14. Nf3 Na5 15. Nd2 Rac8 16. b3 {[%cal Bb2b3,Bb3b4][%mdl 32]} Rfd8 17. Rd1 $146 ({Predecessor:} 17. O-O d5 18. cxd5 Rxd5 {0-1 (46) Nawrot,E-Warakomska,A Kolobrzeg 2004}) 17... d5 18. cxd5 Rxd5 19. b4 $1 {[%cal Rb4a5]} Nb7 20. Nb1 Rc2 21. O-O Nd6 22. Rxd5 exd5 $11 {[%mdl 4096] Endgame KRN-KRN} 23. Rd1 Nc4 24. Kg2 Rxe2 25. Rxd5 Rb2 26. Rd4 Ne3+ 27. Kf3 Nc2 28. Rd8+ Kg7 29. Nd2 ({White should play} 29. Rd1 $1 $15) 29... Nxa3 $17 30. Ne4 {[#]} (30. Nf1 $17) 30... Nc4 $1 $19 ({Much less strong is} 30... Rxb4 31. Nd6 $17) 31. Kg4 (31. Ra8 {was called for.}) 31... Rxb4 32. f4 $2 (32. Kf5 {keeps fighting.}) 32... Ne5+ 33. Kf5 (33. fxe5 $142 Rxe4+ 34. Kf3 Rxe5 35. Rd6) 33... Nc6 {Precision: White = 33%, Black = 79%.} 0-1

[Event "10th Karen Asrian Memorial 2017"]
[Site "Jermuk"]
[Date "2017.06.22"]
[Round "2"]
[White "Melkumyan, Hrant"]
[Black "Mikaelyan, Arman"]
[Result "1-0"]
[WhiteElo "2624"]
[BlackElo "2444"]
[Annotator "TA"]
[PlyCount "167"]
[EventDate "2017.??.??"]
[EventType "swiss"]
[EventCountry "ARM"]
[SourceTitle "playchess.com"]
[Source "ChessBase"]
[SourceQuality "1"]

{[%evp 22,167,54,58,41,51,59,53,83,35,30,37,68,68,75,73,68,27,18,14,59,55,49,41,48,16,33,0,1,0,0,0,0,0,0,0,0,0,0,0,18,0,26,15,50,50,54,50,50,56,124,112,179,177,166,117,127,118,121,77,160,131,135,77,99,0,184,184,183,175,216,162,156,103,173,172,174,127,129,138,161,168,185,185,193,193,193,152,200,187,327,324,287,293,303,114,90,62,62,0,0,0,0,0,375,375,368,368,361,294,799,720,758,713,1414,1413,1330,1401,687,1348,1152,914,1344,1354,1268,893,638,322,5591,5591,5591,4952,6062,5591,4373,4694,4710,4610,29957,29937,29961,29969,29960,5793,29971,29970,29973,29973]} 1. Nf3 Nf6 2. g3 g6 3. d4 Bg7 4. Bg2 O-O 5. O-O d5 6. Nbd2 a5 7. c4 dxc4 8. Nxc4 Be6 9. b3 Nc6 10. Bb2 Bd5 11. Rc1 Ra6 {D77: Fianchetto Grünfeld: 6 0-0: Replies other than 6...c6} 12. a3 {LiveBook: 14 Games} Qc8 13. e3 Rd8 {White is slightly better.} 14. Qe2 Ne4 {[#]} 15. Rc2 $146 ({Predecessor:} 15. Rfd1 b5 16. Ncd2 Nxd2 17. Nxd2 Bxg2 18. Kxg2 e5 19. dxe5 Nxe5 20. Bxe5 Bxe5 21. Qxb5 {½-½ (36) Andriasian,Z (2615)-Harutyunian,T (2252) Jermuk 2012}) 15... b5 {With the idea ...a4.} 16. Ncd2 Nxd2 17. Nxd2 Bxg2 18. Kxg2 {Black must now prevent Rfc1.} e5 19. d5 (19. Qxb5 Rb6 $11) 19... Rxd5 20. e4 Rd6 21. Qxb5 h5 22. h4 Rb6 23. Qe2 {Hoping for Nc4.} Rd7 24. Rb1 Qb7 25. Bc3 Bf8 26. a4 Bb4 27. Nc4 Nd4 $1 {[%cal Rd4e2]} 28. Bxd4 $1 exd4 29. Qd3 $36 {[%mdl 2048] White is pushing.} (29. Nxb6 d3 $17) 29... Re6 {Threatens to win with ...f5.} 30. f3 {[%cal Bf2f3,Bf3f4,Bf4f5][%mdl 32]} Qa8 31. Kh2 Qe8 32. e5 Rxe5 33. Nxe5 Qxe5 34. Re2 Qd5 35. f4 Bd6 (35... Kg7 $14) 36. Rf1 $16 c5 (36... f5 $16) 37. f5 $18 Kg7 38. Ref2 Be5 39. Rf3 Rc7 40. R1f2 Rd7 (40... c4 $142 41. bxc4 Qxc4) 41. Kh3 Rb7 42. Rg2 (42. fxg6 $142 fxg6 43. Qc4 Qxc4 44. bxc4) 42... Rb6 43. Re2 ({White should play} 43. Kh2 $16) 43... Bf6 $2 (43... f6 $1 $11 {and Black has nothing to worry.}) 44. fxg6 fxg6 45. Kg2 Qd7 46. Qe4 Rd6 47. Kh2 (47. Rd2 $142 $1) 47... Rd5 (47... d3 $16 48. Rd2 Bd4) 48. Ref2 Rd6 49. Qf4 Re6 50. Qd2 Qc7 51. Kg2 Qd8 52. Re2 Rd6 53. Qd3 $1 Qd7 54. Re4 Qc6 55. g4 {[%cal Bg3g4,Bg4g5][%mdl 32]} Re6 (55... Qd5 $142 56. g5 Be5) 56. Rxe6 Qxe6 {[%mdl 4096] Endgame [#] KQR-KQB} 57. g5 $1 {[%cal Rg5f6]} Be7 {Threatening ...Qg4+.} 58. Kf1 $2 (58. Rf4 $18) 58... Qg4 $16 59. Qe2 Bd6 60. Qf2 ({White should try} 60. Rf6 $14 Qh3+ 61. Qg2 Qd3+ 62. Kg1 Qd1+ 63. Qf1 Qg4+ 64. Qg2 Qd1+ 65. Qf1 Qg4+ 66. Qg2 Qd1+) 60... Qe4 $1 $11 61. Rf7+ (61. Rf6 $5 {[%cal Rf6d6]} Qd3+ 62. Kg1 Qb1+ 63. Kg2 Qe4+ 64. Kg1 Qb1+ 65. Qf1 Qxb3 66. Qe1 $14) 61... Kg8 62. Rf6 Qd3+ $2 {[%mdl 8192]} (62... Qh1+ $1 $11 63. Ke2 Qe4+ 64. Kd2 c4 65. Rxd6 c3+ 66. Kc1 Qh1+ 67. Kc2 Qe4+ 68. Kd1 (68. Kc1 Qh1+ 69. Kc2 Qe4+ 70. Kc1 $11) 68... Qb1+ 69. Ke2 Qe4+ 70. Kf1 Qh1+ 71. Ke2 Qe4+ 72. Kf1 Qh1+ 73. Ke2 Qe4+) 63. Kg2 $18 Qe4+ 64. Qf3 Qc2+ 65. Kg1 {White threatens Qa8+ and mate.} Qc1+ $2 {[#]} (65... Qb1+ 66. Qf1 Qxb3) 66. Qf1 $1 {[%cal Rf1c1]} Qe3+ 67. Qf2 Bg3 68. Qxe3 dxe3 69. Rxg6+ {KR-KB} Kf7 70. Rf6+ Kg7 71. Re6 Bxh4 72. Rxe3 Bxg5 73. Re6 Kf7 74. Ra6 Bd8 $2 (74... Bd2 75. Kf2 Kg7) 75. Kg2 h4 76. Kf3 Kg7 77. Kg4 Kf7 78. Kf5 Be7 79. Ra8 Kg7 80. Kg4 c4 81. bxc4 Bb4 82. Ra6 Be1 83. Re6 Bf2 84. Re5 {Precision: White = 69%, Black = 39%.} 1-0